| 000 | 00508nam a2200205Ia 4500 | ||
|---|---|---|---|
| 999 |
_c8448 _d8448 |
||
| 003 | 0100 | ||
| 005 | 20180214154604.0 | ||
| 008 | 130303s9999 xx 000 0 und d | ||
| 020 | _a0903983842 | ||
| 040 | _cARRUPELIB | ||
| 050 | _aDT720.O8T63 1978 | ||
| 100 |
_aTotemeyer, Gerhard _939261 |
||
| 245 |
_aNamibia old and new: _btraditional and modern leaders in Ovamboland / |
||
| 260 |
_aLondon _bC. Hurst _c1978 |
||
| 300 | _ax | ||
| 300 | _b 257 p. 23 cm. | ||
| 650 |
_aOwambo (African people) _xPolitics and government _939262 |
||
| 650 |
_aOwambo (Namibia) _xEconomic conditions _939263 |
||
| 650 |
_aNationalism _zNamibia _939264 |
||
| 650 |
_aSelf-determination, National _939265 |
||
| 942 |
_2lcc _cMONOGRAPH |
||